| 000 | 00653nam a2200229Ia 4500 | ||
|---|---|---|---|
| 003 | OSt | ||
| 005 | 20220923230244.0 | ||
| 006 | a|||||r|||| 00| 0 | ||
| 007 | ta | ||
| 008 | 220922b |||||||| |||| 00| 0 mar d | ||
| 024 | _a278,969 | ||
| 037 | _cTextual | ||
| 040 |
_aARTS _cARTS _bmar |
||
| 041 |
_2mar _amar |
||
| 082 | _aP155, L3 | ||
| 100 | _aतुलपुले, शं0 गो0 | ||
| 245 | 0 | _aयादव कालीन मराठी भाषा | |
| 246 | _aYādav kālīn marāṭhī bhāṣhā | ||
| 260 | _c1973 | ||
| 942 |
_hP155, L3 _cTEXL _2CC |
||
| 999 |
_c383531 _d383531 |
||